Pays avec le plus de monuments - Statistiques

Statistiques générales
  • Ce quiz a été pris 355 fois
  • Le résultat moyen est 18 sur 20
Statistiques - réponses
Monuments célèbre Nombre de monuments ~ Pays % Correct
Tour Eiffel, Mont-Saint-Michel 45 000 France
100%
Colisée, Tour de Pise 55 000 Italie
100%
Parthénon, Temple de Zeus 18 000 Grèce
99%
Alhambra, Sagrada Familia 20 000 Espagne
98%
Statue de la Liberté, Mont Rushmore 3 500 États-Unis
98%
Taj Mahal, Temple d'Or 30 000 Inde
98%
palais de Buckingham, Big Ben 5 000 Royaume-Uni
98%
Cité Interdite, guerriers de terre cuite 35 000 Chine
97%
Pyramides de Gizeh, Sphinx 8 000 Egypte
97%
Temple de Kinkaku-ji, mont Fuji 7 000 Japon
97%
Christ Rédempteur, Pain de Sucre 4 000 Brésil
94%
Château de Neuschwanstein, cathédrale de Cologne 6 000 Allemagne
92%
Kremlin, cathédrale Saint-Basile 3 000 Russie
92%
Machu Picchu, lignes de Nazca 2 500 Pérou
91%
Chichén Itzá, Teotihuacán 10 000 Mexique
86%
Sainte-Sophie, mosquée bleue 12 000 Turquie
85%
Grand Palais, temple du Bouddha d'Émeraude 1 500 Thaïlande
77%
Baie d'Ha Long, cité impériale de Hué 1 200 Vietnam
77%
Persepolis, mosquée Nasir ol-Molk 20 000 Iran
75%
Borobudur, Prambanan 2 000 Indonésie
64%
Aucun quiz correspondant
Distribution des résultats
% des personnes avec chaque résultat
Percentile par nombre de réponses
Votre historique - résultats
Vous n’avez pas pris ce quiz